[Event "VIE-ch U15"]
[Site "Hanoi"]
[Date "2022.06.14"]
[Round "5"]
[White "Dang, Anh Minh"]
[Black "Tran, Tuan Kiet"]
[Result "1-0"]
[WhiteElo "2311"]
[BlackElo "2316"]
[PlyCount "69"]
[EventDate "2022.06.11"]
[EventType "swiss"]
[EventRounds "9"]
[EventCountry "VIE"]
[SourceTitle "EXT 2023"]
[Source "ChessBase"]
[SourceDate "2022.10.05"]
[SourceVersion "1"]
[SourceVersionDate "2022.10.05"]
[SourceQuality "1"]

1. d4 d6 2. c4 e5 3. dxe5 dxe5 4. Qxd8+ Kxd8 5. Nc3 Be6 6. e4 f6 7. f4 Nd7 8. Nf3 h6 9. f5 Bf7 10. Be3 c6 11. 0-0-0 Kc7 12. g4 a5 13. Na4 Rd8 14. Be2 Ne7 15. Kb1 Nc8 16. c5 Be7 17. Rc1 b5 18. cxb6+ Ncxb6 19. Bb5 Nxa4 20. Rxc6+ Kb7 21. Bxa4 Nb8 22. Rb6+ Ka8 23. Bb5 Rd6 24. Rxd6 Bxd6 25. Rd1 Bc7 26. Ng1 Kb7 27. Ne2 Bb6 28. Bxb6 Kxb6 29. Nc3 Rc8 30. Ba4 Na6 31. Rd6+ Kb7 32. Bd7 Rc7 33. Be6 Be8 34. Nd5 Rc4 35. Nxf6 1-0

[Event "VIE Cup"]
[Site "Hanoi"]
[Date "2021.??.??"]
[Round "1"]
[White "Lu, Chan Hung"]
[Black "Tran, Tuan Kiet"]
[Result "1-0"]
[WhiteElo "2174"]
[BlackElo "2441"]
[PlyCount "69"]
[EventDate "2021.05.03"]
[EventType "swiss"]
[EventRounds "9"]
[EventCountry "VIE"]
[SourceTitle "EXT 2022"]
[Source "ChessBase"]
[SourceDate "2021.10.06"]
[SourceVersion "1"]
[SourceVersionDate "2021.10.06"]
[SourceQuality "1"]

1. c4 c5 2. g3 g6 3. Bg2 Bg7 4. Nc3 Nc6 5. a3 a5 6. d3 d6 7. Bd2 Bd7 8. Rb1 Nf6 9. Nf3 Rb8 10. Qc1 h5 11. h4 Ng4 12. 0-0 0-0 13. Nb5 Nce5 14. b4 axb4 15. axb4 b6 16. Ng5 Nf6 17. Bc3 Ne8 18. Qa3 Nc6 19. Bd2 cxb4 20. Bxb4 Nxb4 21. Rxb4 Nc7 22. Rfb1 Nxb5 23. cxb5 Rc8 24. Ra4 Bc3 25. Ra7 Ba5 26. d4 Be8 27. Qe3 e6 28. Qf4 d5 29. e4 Rc2 30. exd5 exd5 31. Qe5 Bd2 32. Ne6 f6 33. Qe2 Qb8 34. Nxf8 Qxa7 35. Qxe8 1-0

[Event "VIE Cup"]
[Site "Hanoi"]
[Date "2021.??.??"]
[Round "2"]
[White "Tran, Tuan Kiet"]
[Black "Phan, Minh Trieu"]
[Result "0-1"]
[WhiteElo "2441"]
[BlackElo "1596"]
[PlyCount "70"]
[EventDate "2021.05.03"]
[EventType "swiss"]
[EventRounds "9"]
[EventCountry "VIE"]
[SourceTitle "EXT 2022"]
[Source "ChessBase"]
[SourceDate "2021.10.06"]
[SourceVersion "1"]
[SourceVersionDate "2021.10.06"]
[SourceQuality "1"]

1. d4 d5 2. c4 e6 3. Nf3 Nf6 4. g3 Be7 5. Bg2 0-0 6. 0-0 dxc4 7. Qa4 a6 8. Qxc4 b5 9. Qc2 Bb7 10. Rd1 Qc8 11. Ne5 Bxg2 12. Kxg2 c5 13. dxc5 Bxc5 14. Nd2 Qb7+ 15. Ndf3 Bb6 16. Bd2 Rc8 17. Qb1 Nc6 18. Nxc6 Qxc6 19. Rc1 Qb7 20. Rxc8+ Rxc8 21. Be1 e5 22. Kg1 e4 23. Nh4 g6 24. Ng2 Bd4 25. a3 Qd7 26. Nf4 g5 27. e3 Be5 28. Ne2 Qh3 29. Nd4 Re8 30. Qc2 Bxd4 31. exd4 Ng4 32. Qc6 Qxh2+ 33. Kf1 Qh1+ 34. Ke2 Qf3+ 35. Kf1 Ne3+ 0-1

[Event "VIE-chT"]
[Site "Ho Chi Minh City"]
[Date "2019.10.02"]
[Round "9.27"]
[White "Nguyen, Tan Thinh"]
[Black "Tran, Tuan Kiet"]
[Result "0-1"]
[WhiteElo "2007"]
[BlackElo "1906"]
[PlyCount "35"]
[EventDate "2019.09.26"]
[EventType "team-swiss"]
[EventRounds "9"]
[EventCountry "VIE"]
[SourceTitle "EXT 2020"]
[Source "ChessBase"]
[SourceDate "2019.10.17"]
[SourceVersion "1"]
[SourceVersionDate "2019.10.17"]
[SourceQuality "1"]

1. d4 Nf6 2. Nf3 e6 3. c4 b6 4. g3 Bb7 5. Bg2 Be7 6. 0-0 0-0 7. Qc2 d6 8. Nc3 c5 9. d5 e5 10. Bg5 h6 11. Bxf6 Bxf6 12. Nd2 Nd7 13. Bh3 Bc8 14. Nde4 Be7 15. Nb5 Nf6 16. Nxf6+ gxf6 17. Bg2 a6 18. a4 0-1

[Event "VIE-chT"]
[Site "Ho Chi Minh City"]
[Date "2019.10.01"]
[Round "8.35"]
[White "Tran, Tuan Kiet"]
[Black "Le, Minh Kha"]
[Result "1-0"]
[WhiteElo "1906"]
[BlackElo "1905"]
[PlyCount "89"]
[EventDate "2019.09.26"]
[EventType "team-swiss"]
[EventRounds "9"]
[EventCountry "VIE"]
[SourceTitle "EXT 2020"]
[Source "ChessBase"]
[SourceDate "2019.10.17"]
[SourceVersion "1"]
[SourceVersionDate "2019.10.17"]
[SourceQuality "1"]

1. d4 c5 2. d5 e6 3. c4 Nf6 4. Nc3 d6 5. g3 g6 6. Bg2 Bg7 7. Nf3 0-0 8. 0-0 a6 9. a4 Qc7 10. Qc2 Re8 11. Re1 exd5 12. cxd5 Bf5 13. e4 Bg4 14. Nd2 b6 15. Nc4 Ra7 16. Bf4 Bf8 17. h3 Bd7 18. e5 dxe5 19. Bxe5 Qd8 20. g4 Be7 21. Qd2 Nxg4 22. hxg4 Bxg4 23. Qf4 Bf5 24. Bxb8 Qxb8 25. Qxb8 Rxb8 26. Ne5 Rc7 27. Nc6 Rbb7 28. Nxe7+ Rxe7 29. d6 Rxe1+ 30. Rxe1 Rd7 31. Rd1 Kg7 32. Bf1 a5 33. Bb5 Rd8 34. Rd2 Kf8 35. Nd1 h6 36. Ne3 Be6 37. Nc4 Bxc4 38. Bxc4 f5 39. Bb5 Kf7 40. d7 Ke6 41. Re2+ Kd6 42. Re8 Kc7 43. Re6 g5 44. Rxh6 f4 45. Rg6 1-0

[Event "VIE-chT"]
[Site "Ho Chi Minh City"]
[Date "2019.09.29"]
[Round "5.39"]
[White "Tran, Tuan Kiet"]
[Black "Tran, Minh Khang"]
[Result "1-0"]
[WhiteElo "1906"]
[BlackElo "1904"]
[PlyCount "43"]
[EventDate "2019.09.26"]
[EventType "team-swiss"]
[EventRounds "9"]
[EventCountry "VIE"]
[SourceTitle "EXT 2020"]
[Source "ChessBase"]
[SourceDate "2019.10.17"]
[SourceVersion "1"]
[SourceVersionDate "2019.10.17"]
[SourceQuality "1"]

1. d4 Nf6 2. c4 e6 3. g3 Be7 4. Bg2 0-0 5. Nf3 Nc6 6. 0-0 d5 7. b3 h6 8. Bb2 b6 9. Nbd2 Bb7 10. Rc1 Rc8 11. a3 a5 12. Qc2 Na7 13. Qb1 c5 14. e3 Qd6 15. Ne5 Rfd8 16. Rfd1 Nc6 17. Ndf3 Nd7 18. Qa1 Bf6 19. Rd2 Qc7 20. cxd5 exd5 21. Nxd7 Rxd7 22. Bh3 1-0

[Event "VIE-chT"]
[Site "Ho Chi Minh City"]
[Date "2019.09.27"]
[Round "3.33"]
[White "Le, Trong Bac"]
[Black "Tran, Tuan Kiet"]
[Result "1-0"]
[WhiteElo "1913"]
[BlackElo "1906"]
[PlyCount "59"]
[EventDate "2019.09.26"]
[EventType "team-swiss"]
[EventRounds "9"]
[EventCountry "VIE"]
[SourceTitle "EXT 2020"]
[Source "ChessBase"]
[SourceDate "2019.10.17"]
[SourceVersion "1"]
[SourceVersionDate "2019.10.17"]
[SourceQuality "1"]

1. e4 c5 2. Nf3 d6 3. d4 cxd4 4. Nxd4 Nf6 5. Nc3 a6 6. Be3 e6 7. f3 b5 8. Qd2 Nbd7 9. g4 Nb6 10. h4 Nfd7 11. Qf2 Bb7 12. 0-0-0 Rc8 13. g5 Qc7 14. h5 b4 15. Nb1 d5 16. exd5 Nxd5 17. Bd3 Bd6 18. Nd2 Nc5 19. Kb1 Na4 20. Ne4 Be5 21. Rhf1 Qb6 22. f4 Nxe3 23. fxe5 Nxf1 24. Nd6+ Kd8 25. Qxf7 Bd5 26. Nxc8 Qxd4 27. Qe7+ Kxc8 28. Bxa6+ Kb8 29. Rxd4 Nxb2 30. Rxd5 1-0

[Event "VIE-ch U11"]
[Site "Hai Phong"]
[Date "2018.07.08"]
[Round "3"]
[White "Bach, The Vinh"]
[Black "Tran, Tuan Kiet"]
[Result "0-1"]
[WhiteElo "1872"]
[BlackElo "1896"]
[PlyCount "60"]
[EventDate "2018.07.07"]
[EventType "swiss"]
[EventRounds "9"]
[EventCountry "VIE"]
[SourceTitle "EXT 2019"]
[Source "ChessBase"]
[SourceDate "2018.10.10"]
[SourceVersion "1"]
[SourceVersionDate "2018.10.10"]
[SourceQuality "1"]

1. e4 c5 2. Nf3 d6 3. d4 cxd4 4. Nxd4 Nf6 5. Nc3 a6 6. Be3 e6 7. Be2 Nbd7 8. 0-0 b5 9. f4 Bb7 10. Bf3 b4 11. e5 Bxf3 12. Nxf3 Ng4 13. Nd5 exd5 14. Re1 Nxe3 15. Rxe3 Qb6 16. Nd4 dxe5 17. fxe5 Bc5 18. c3 Bxd4 19. cxd4 0-0 20. Rg3 Nxe5 21. h4 Nc6 22. Kh1 Qxd4 23. Qh5 f5 24. Rd1 Qf6 25. Rf1 Ne7 26. b3 Rad8 27. Qf3 d4 28. Qd3 Rc8 29. h5 Rc3 30. Rxg7+ Kxg7 0-1

[Event "VIE-ch U07"]
[Site "Ho Chi Minh City"]
[Date "2014.07.17"]
[Round "7"]
[White "Tran, Tuan Kiet"]
[Black "Pham, Hoang Quan"]
[Result "0-1"]
[WhiteElo "1391"]
[BlackElo "1374"]
[PlyCount "66"]
[EventDate "2014.07.13"]
[EventType "swiss"]
[EventRounds "9"]
[EventCountry "VIE"]
[SourceTitle "EXT 2016"]
[Source "ChessBase"]
[SourceDate "2015.10.08"]
[SourceVersion "1"]
[SourceVersionDate "2015.10.08"]
[SourceQuality "1"]

1. e4 e5 2. Nf3 Nc6 3. Bc4 Bc5 4. d3 Nf6 5. Bg5 0-0 6. 0-0 d6 7. h3 Be6 8. Bxe6 fxe6 9. Be3 Bb6 10. c3 d5 11. exd5 exd5 12. Ng5 Qe7 13. b4 a5 14. b5 Nd8 15. a4 Ne6 16. Nxe6 Qxe6 17. Bxb6 cxb6 18. Re1 Rac8 19. d4 e4 20. f3 Rfd8 21. Qc2 h6 22. Nd2 Re8 23. fxe4 dxe4 24. Rac1 Nd5 25. Rxe4 Qd7 26. Rxe8+ Qxe8 27. Qb3 Rd8 28. c4 Nf4 29. Kh1 Qe2 30. c5+ Kf8 31. Qg3 Qxd2 32. Rg1 Rxd4 33. Re1 Rd3 0-1

[Event "VIE-ch U07"]
[Site "Ho Chi Minh City"]
[Date "2014.07.13"]
[Round "1"]
[White "Tran, Tuan Kiet"]
[Black "Le, Khac Hoang Tuan"]
[Result "0-1"]
[WhiteElo "1391"]
[BlackElo "1362"]
[PlyCount "80"]
[EventDate "2014.07.13"]
[EventType "swiss"]
[EventRounds "9"]
[EventCountry "VIE"]
[SourceTitle "EXT 2016"]
[Source "ChessBase"]
[SourceDate "2015.10.08"]
[SourceVersion "1"]
[SourceVersionDate "2015.10.08"]
[SourceQuality "1"]

1. e4 c5 2. Nf3 d6 3. Bc4 Bg4 4. d3 Nf6 5. Bg5 Nbd7 6. c3 g6 7. Nbd2 Bg7 8. 0-0 0-0 9. h3 Bxf3 10. Nxf3 Nb6 11. Bb3 d5 12. a3 dxe4 13. dxe4 Qxd1 14. Rfxd1 Nxe4 15. Bxe7 Rfe8 16. Bh4 c4 17. Ba2 Na4 18. Rab1 Rac8 19. Kh1 b6 20. Re1 Nd6 21. Rxe8+ Rxe8 22. g3 Nc5 23. Rd1 Nde4 24. Kg2 Na4 25. Rb1 b5 26. g4 Bf6 27. Bxf6 Nxf6 28. Nd4 a6 29. g5 Ne4 30. Re1 Nxb2 31. Bb1 Nd6 32. Rxe8+ Nxe8 33. Be4 Nd6 34. Bf3 Na4 35. Ne2 Nf5 36. Bb7 Nc5 37. Bf3 Nh4+ 38. Kg3 Nxf3 39. Kxf3 Kf8 40. h4 Ne6 0-1